El islam en Europa
Gespeichert in:
| 1. Verfasser: | |
|---|---|
| Format: | Buch |
| Sprache: | Spanisch |
| Veröffentlicht: |
Barcelona
Gedisa
2005
|
| Ausgabe: | 1a. ed |
| Schriftenreihe: | Punto Crítico
|
| Schlagworte: | |
| Tags: |
Tag hinzufügen
Keine Tags, Fügen Sie den ersten Tag hinzu!
|
MARC
| LEADER | 00000nam a2200000 a 4500 | ||
|---|---|---|---|
| 001 | UCK5041 | ||
| 003 | CL-VaPUC | ||
| 008 | 050708e20050100SP |||||||||||||||||spa|d | ||
| 020 | |a 849784064X | ||
| 082 | 0 | 4 | |a 297.09 |b GOO |2 21 |
| 100 | |a Goody, Jack |e author |9 525244 | ||
| 245 | 1 | 3 | |a El islam en Europa |
| 250 | |a 1a. ed | ||
| 300 | |a 184 p | ||
| 942 | |c BK | ||
| 945 | |d 20050708 00:00:00 |a cmena | ||
| 260 | |a Barcelona |b Gedisa |c 2005 | ||
| 650 | 0 | |a Islamismo |9 314084 | |
| 651 | 0 | |a Europa |9 255156 | |
| 583 | |a last modification |c 20181001 12:20:06 |k Rodrigo Vera | ||
| 490 | 0 | |a Punto Crítico | |
| 999 | |c 313732 |d 313730 | ||
| 952 | |0 0 |1 0 |4 0 |6 297_090000000000000_GOO_2005 |7 0 |8 A |9 385220 |a BIBHIS |b BIBHIS |d 2019-11-22 |i 413995K |o 297.09 GOO 2005 |p 413995K |r 2025-01-20 |w 2019-11-22 |y BK |k HIS | ||
| 952 | |0 0 |1 0 |4 0 |6 297_090000000000000_GOO_2005 |7 0 |8 A |9 385221 |a BIBHIS |b BIBHIS |d 2019-11-22 |i 4397975 |o 297.09 GOO 2005 |p 4397975 |r 2025-01-20 |w 2019-11-22 |y BK |k HIS | ||